00487nam a2200145Ia 4500003000900000008004100009020002600050040001600076100002400092245003700116260003200153300002000185490003300205856010300238IN-BaIIA211028s9999 xx s 000 0 eng d a9780819419156 (Print) cIIA Library aPan, Jing Jong, ed. 0aWireless Communicationsh[eBook] aWashington, USAbSPIEc1995 aOnline resource aProceedings of SPIE; V. 2556 uhttps://www.spiedigitallibrary.org/conference-proceedings-of-spie/2556yClick Here to Access eBook